Представление документа в формате MARC21

Поле Инд. ПП Название Значение
Тип записи a
Библиографический уровень m
001 Контрольный номер 93a737be-97a7-427a-97f0-04f5690d9460
005 Дата корректировки 20140703122257.9
008 Кодируемые данные 030701
020 a ISBN 5-94887-003-0
c Цена, тираж 84.00
040 a Служба первич. каталог. НБ ТвГУ
041 a Код языка текста rus
080 a Индекс УДК 5(082)
084 a Индекс другой классификации/Индекс ББК Б.я9
090 x Авторский знак Р76
a Полочн. индекс Б.я9
245 10 a Заглавие Российская наука: дорога жизни
b Продолж. заглавия Сб. науч.-попул. ст.
c Ответственность Рос. фонд фундам. исслед.; [Под ред. В. П. Скулачева]
260 0_ a Место издания Москва
b Издательство Октопус
c Дата издания 2002
260 a Место издания Журнал "Природа"
300 a Объем 416 с.
b Иллюстрации/ тип воспроизводства ил., табл., [1] л. цв. ил.
504 a Библиография Библиогр. в конце ст.
583 a Действие Получение впервые 149 30.06.2003
k Исполнитель действия Дар РГГУ
650 a Основная рубрика Естественные науки
653 a Ключевые слова Естественные науки
700 1_ a Другие авторы Скулачев Владимир Петрович
e Роль лиц ред.
700 1_ a Другие авторы Бялко Андрей Владимирович
e Роль лиц отв. ред., авт. предисл.
852 t Порядковый номер экземпляра 1
p Инвентарный номер 766814
863 t 00032722
888 a Бесплатные
930 a Новая/Ретро популярная
952 p 149.2003 84.00 1 766814
c Вид литературы К рн
954 a Дата поступления на обработку 20030901
999 a Подразделение 2 Фил3